Kard és fészek

Podrobná bibliografia
Hlavní autori: Grendel, Ágota (Author), Fotogr., Somogyi, Tibor (Author)
Médium: Článok
Jazyk:Hungarian
Témy:
Zdroj: 1. Új N‹ 1. 1335-938X 1. , č. 5(2002), s. 32-33
LEADER 00929nab#a2200349#ar4500
001 000027833
003 SVKKK
005 00000000000000.0
008 c xo e huno
FMT
038 |a SVKKK 
040 |a SVKKK  |b slo  |e AACR2 
041 0 |a hun 
044 |a xo  |c SK 
080 |a 894.511(437.6  |2 1981 
080 |a 929 Hizsnyai, Z  |2 1981 
100 1 |a Grendel, Ágota  |4 aut 
242 1 0 |a Kord a hniezdo 
245 1 0 |a Kard és fészek  |c Grendel Ágota, , Fotogr. Somogyi 
300 |b Fotogr. 
600 1 4 |a Hizsnyai, Zoltán,  |d ?,  |x básnik maďarský na Slovensku 
650 0 4 |a básnik  |z život a dielo  |x riporty 
650 0 4 |a literatúra maďarská na Slovensku 
700 1 |a Fotogr., Somogyi,  |c Tibor  |4 aut 
773 0 |t Új N‹  |x 1335-938X  |g , č. 5(2002), s. 32-33 
957 |a Košice 
958 |a KE 
974 |d 030120  |a Fav 
992 |a RBX 
BAS
852 |a SVKKK  |b BIB 
998 |a REG